| 000 | 00390nam a2200169Ia 4500 | ||
|---|---|---|---|
| 008 | 230524s9999 xx 000 0 und d | ||
| 020 | _a0198072635 | ||
| 082 |
_a338.04 _bROY |
||
| 100 | _aRajeev Roy | ||
| 245 | 0 | _aEntrepreneurship | |
| 250 | _aIST | ||
| 260 |
_aNEW DELHI _bOxford _c2009 |
||
| 300 | _aXII;585 | ||
| 500 | _aQuantity Number: 67 | ||
| 650 | _aManagement | ||
| 942 | _cBK | ||
| 999 |
_c46574 _d46574 |
||